000 00307nam a22001337a 4500
003 SGT
020 _a9789392787492
082 _a507
_bSIN
100 _aSINGH , LAKHAWINDER
245 _aEMERGING TOOLS & TECHNIQUES IN SCIENCE
260 _aNEW DELHI
_bSS BOOKS
_c2022
300 _a195
942 _2ddc
_cBK
_02
999 _c25199
_d25199